100 años de actividad eléctrica en Costa Rica : 1884-1984

Guardat en:
Dades bibliogràfiques
Autor principal: Fernández Robles, Joaquín
Format: Llibre
Idioma:Spanish
Publicat: San José, C.R. : Litogr. e Imprenta LIL 1985.
Matèries:
Etiquetes: Afegir etiqueta
Sense etiquetes, Sigues el primer a etiquetar aquest registre!

MARC

LEADER 00000nam a2200000Ia 4500
003 005309
005 20221231143934.0
008 140114s1985 cr a 000 ||spa d
040 |c cru CEDI 
082 |a 363.62 F363c 
100 |a Fernández Robles, Joaquín  |9 20601 
245 |a 100 años de actividad eléctrica en Costa Rica : 1884-1984  
260 |a  San José, C.R. : Litogr. e Imprenta LIL  |c 1985. 
300 |a 540 páginas : ilustraciones ; 21 cm 
650 |x EMPRESAS ELECTRICAS   |x ENERGIA ELECTRICA   |x COSTA RICA  |9 20602 
942 |2 ddc  |c BK 
999 |c 14524  |d 14524